[Event "Tournament 14473 - Europe Echecs"]
[Site "Europe Echecs"]
[Date "2020.07.11"]
[Round "4"]
[Time "15:28:00"]
[PlyCount "85"]
[White "JolyJulien"]
[Black "EllisAntoine"]
[WhiteElo "2188"]
[BlackElo "2066"]
[Mode "WEB"]
[Result "1/2-1/2"]

1. d4 Nf6 2. Nf3 e6 3. c4 Bb4+ 4. Bd2 Qe7 5. g3 Nc6 6. Bg2 Bxd2+ 7. Nbxd2 d6 8.
O-O O-O 9. h3 e5 10. e3 a5 11. Qc2 h6 12. a3 Re8 13. Rad1 e4 14. Nh2 Bf5 15.
Rfe1 Qd7 16. h4 g5 17. hxg5 hxg5 18. Qc3 Kg7 19. b4 axb4 20. axb4 Ne7 21. d5 Ng6
22. f3 Ne5 23. Rf1 Rh8 24. f4 gxf4 25. exf4 Ng6 26. Nxe4 Bxe4 27. Bxe4 Qh3 28.
Rd2 Rae8 29. Bxg6 fxg6 30. Rg2 Kf7 31. Qf3 Re4 32. c5 Rhe8 33. cxd6 cxd6 34. Qc3
R8e7 35. Nf3 Nh7 36. Ng5+ Nxg5 37. fxg5+ Kg8 38. Rgf2 R4e5 39. Rh2 Qg4 40. Rhf2
Qh3 41. Rh2 Qg4 42. Rhf2 Qh3 {Nulle par répétition} 1/2-1/2

[Event "Tournament 14473 - Europe Echecs"]
[Site "Europe Echecs"]
[Date "2020.07.11"]
[Round "4"]
[Time "15:28:00"]
[PlyCount "110"]
[White "RobertMathias"]
[Black "FereyAntonin"]
[WhiteElo "2140"]
[BlackElo "2138"]
[Mode "WEB"]
[Result "1-0"]

1. e4 e5 2. Nf3 Nc6 3. Bb5 a6 4. Ba4 Nf6 5. O-O Be7 6. Re1 b5 7. Bb3 O-O 8. d3
d6 9. c3 Na5 10. Bc2 c5 11. Nbd2 Qc7 12. Nf1 Re8 13. Ng3 Bf8 14. h3 g6 15. Nh2
Bg7 16. a4 b4 17. Bd2 Rb8 18. cxb4 cxb4 19. Rc1 Qe7 20. Nf3 Bd7 21. Be3 b3 22.
Bb1 Bxa4 23. Qd2 Nc6 24. Rc4 Bb5 25. Rc3 Ba4 26. Rec1 Rec8 27. d4 Qe8 28. d5 Ne7
29. Rc7 Qd8 30. Qa5 Rxc7 31. Qxc7 Qxc7 32. Rxc7 Nc8 33. Bd3 Ne8 34. Rc3 a5 35.
Nd2 f5 36. exf5 e4 37. Ndxe4 Bxc3 38. Nxc3 Bd7 39. fxg6 hxg6 40. Bxg6 a4 41. h4
Nf6 42. Bd4 Ng4 43. f3 Ne5 44. Bb1 Nc4 45. h5 a3 46. h6 Ne7 47. h7+ Kf7 48. bxa3
Ne5 49. f4 N5g6 50. Nge4 Nf5 51. Ng5+ Ke7 52. Bf2 Nxf4 53. g4 Ng7 54. Bd4 Kf8
55. h8=Q+ {FereyAntonin a perdu au temps} 1-0

[Event "Tournament 14473 - Europe Echecs"]
[Site "Europe Echecs"]
[Date "2020.07.11"]
[Round "4"]
[Time "15:28:00"]
[PlyCount "86"]
[White "SayaEthan"]
[Black "SabianiChjara"]
[WhiteElo "2199"]
[BlackElo "1842"]
[Mode "WEB"]
[Result "1-0"]

1. e4 c5 2. Nc3 Nc6 3. Bb5 g6 4. Bxc6 dxc6 5. d3 Bg7 6. f4 Nf6 7. Nf3 O-O 8. O-O
Qb6 9. Qe1 Nd7 10. f5 Ne5 11. Nxe5 Bxe5 12. Qh4 c4+ 13. Kh1 Bf6 14. Qh6 Bg7 15.
Qh4 Bf6 16. Qh6 Bg7 17. Qh3 cxd3 18. cxd3 Rd8 19. Bh6 Qd4 20. Bxg7 Qxg7 21. Qh4
g5 22. Qg3 f6 23. e5 Bd7 24. Ne4 Be8 25. Rae1 Rd5 26. Nc3 Rd4 27. Re4 Rad8 28.
Rxd4 Rxd4 29. exf6 exf6 30. Qb8 Qd7 31. Ne4 Kg7 32. Nc5 Qd6 33. Qxb7+ Kh6 34.
Ne6 Qd7 35. Qa6 Rh4 36. Qa3 Qf7 37. Qd6 Ra4 38. Rf3 g4 39. Rf4 Rxa2 40. Rf1 Ra4
41. Qg3 Bd7 42. Qh4+ Qh5 43. Qxf6+ {SabianiChjara a abandonné} 1-0

[Event "Tournament 14473 - Europe Echecs"]
[Site "Europe Echecs"]
[Date "2020.07.11"]
[Round "4"]
[Time "15:28:00"]
[PlyCount "51"]
[White "courjalpauline"]
[Black "DavidBogdanEma"]
[WhiteElo "1848"]
[BlackElo "2092"]
[Mode "WEB"]
[Result "0-1"]

1. e4 c5 2. Nc3 Nc6 3. g3 g6 4. Bg2 Bg7 5. d3 e5 6. Nh3 d6 7. O-O Nge7 8. f4 Nd4
9. Nf2 O-O 10. Ne2 Nec6 11. c3 Nxe2+ 12. Qxe2 Qc7 13. Nd1 f5 14. Ne3 Be6 15.
exf5 gxf5 16. Bd5 Qf7 17. Bxe6 Qxe6 18. fxe5 dxe5 19. Qh5 f4 20. gxf4 exf4 21.
Qd5 Rae8 22. Bd2 fxe3 23. Qxe6+ Rxe6 24. Be1 Rg6+ 25. Kh1 Rxf1# {courjalpauline est échec et mat} 0-1

[Event "Tournament 14473 - Europe Echecs"]
[Site "Europe Echecs"]
[Date "2020.07.11"]
[Round "4"]
[Time "15:28:00"]
[PlyCount "62"]
[White "RachidAlexandr"]
[Black "FrancoisGwlady"]
[WhiteElo "2079"]
[BlackElo "1816"]
[Mode "WEB"]
[Result "1-0"]

1. e4 d5 2. exd5 Qxd5 3. Nc3 Qd8 4. d4 Nf6 5. Nf3 Bg4 6. h3 Bxf3 7. Qxf3 c6 8.
Be3 e6 9. O-O-O Bb4 10. Ne4 Nxe4 11. Qxe4 Qd5 12. Qxd5 cxd5 13. Bb5+ Nd7 14. g4
O-O-O 15. Bf4 a6 16. Be2 Nb6 17. Rd3 Bd6 18. Bd2 Kb8 19. Ba5 Ka7 20. Rb3 Bc7 21.
Rf3 Rd7 22. Bd3 f6 23. Re1 e5 24. Bf5 Re7 25. dxe5 fxe5 26. Bb4 Rf7 27. Rfe3 g6
28. Be6 Rxf2 29. Bc5 Rd8 30. Rb3 Rf5 31. gxf5 {FrancoisGwlady a abandonné} 1-0

[Event "Tournament 14473 - Europe Echecs"]
[Site "Europe Echecs"]
[Date "2020.07.11"]
[Round "4"]
[Time "15:28:00"]
[PlyCount "60"]
[White "LarmetNino"]
[Black "DelinValere"]
[WhiteElo "1818"]
[BlackElo "2043"]
[Mode "WEB"]
[Result "1-0"]

1. e4 c5 2. Nc3 g6 3. g3 Bg7 4. Bg2 e6 5. d3 Ne7 6. Bg5 O-O 7. Qd2 Nbc6 8. Nge2
d5 9. exd5 f6 10. dxc6 fxg5 11. cxb7 Bxb7 12. Bxb7 Rb8 13. Bg2 Qb6 14. b3 c4 15.
O-O cxd3 16. Qxd3 Rbd8 17. Qe3 Qc7 18. Rad1 Rc8 19. Qxe6+ Rf7 20. Rd7 Qc5 21.
Rxe7 Qxe7 22. Qxc8+ Rf8 23. Qc4+ Kh8 24. Nd5 Qe5 25. Qe4 Qd6 26. c4 h5 27. f4
Rf5 28. Ne7 Rf6 29. fxg5 Re6 30. Qa8+ {DelinValere a abandonné} 1-0

[Event "Tournament 14473 - Europe Echecs"]
[Site "Europe Echecs"]
[Date "2020.07.11"]
[Round "4"]
[Time "15:28:00"]
[PlyCount "123"]
[White "FischerThorang"]
[Black "KrivcenkoAlexa"]
[WhiteElo "1998"]
[BlackElo "1795"]
[Mode "WEB"]
[Result "0-1"]

1. Nf3 d5 2. g3 Nf6 3. Bg2 e6 4. O-O Bd6 5. d3 O-O 6. c4 c6 7. b3 b5 8. Nbd2 a5
9. Bb2 Nbd7 10. e4 dxe4 11. dxe4 e5 12. Qc2 Qe7 13. Nh4 Nc5 14. Nf5 Bxf5 15.
exf5 Rac8 16. Rfe1 Qc7 17. Re2 Rfe8 18. Rae1 Re7 19. a3 Qb8 20. f4 Rce8 21. fxe5
Bxe5 22. Nf3 Bd6 23. Bxf6 gxf6 24. b4 axb4 25. axb4 Na4 26. c5 Rxe2 27. Rxe2 Bc7
28. Nd4 Rxe2 29. Qxe2 Nc3 30. Qg4+ Kf8 31. Nxc6 Qe8 32. Qf3 Qe1+ 33. Bf1 Be5 34.
Nxe5 fxe5 35. Qf2 Qe4 36. f6 Qxb4 37. Qd2 Qd4+ 38. Qxd4 exd4 39. Bd3 h6 40. Kf2
Ke8 41. Bf5 Nd5 42. Bd3 b4 43. Bb5+ Kd8 44. Bc4 Nxf6 45. Kf3 Kc7 46. Bxf7 Kc6
47. Ke2 Kxc5 48. Kd3 Nd5 49. h3 b3 50. Bg6 Nb4+ 51. Kd2 Kc4 52. g4 b2 53. h4 Na2
54. Kc2 Nb4+ 55. Kxb2 Nd5 56. Kc2 Kc5 57. Kd3 Nf4+ 58. Ke4 Nxg6 59. g5 hxg5 60.
hxg5 Kc4 61. Kf5 Nf8 {FischerThorang a abandonné} 0-1

[Event "Tournament 14473 - Europe Echecs"]
[Site "Europe Echecs"]
[Date "2020.07.11"]
[Round "4"]
[Time "15:28:00"]
[PlyCount "64"]
[White "RebutPaul"]
[Black "BuffinJean"]
[WhiteElo "1966"]
[BlackElo "1711"]
[Mode "WEB"]
[Result "1-0"]

1. d4 d5 2. Bf4 Nf6 3. e3 c5 4. Nd2 Nc6 5. c3 Qb6 6. Qb3 c4 7. Qc2 g6 8. e4 Nxe4
9. Nxe4 dxe4 10. Bxc4 Bg7 11. Be3 Qa5 12. Qxe4 Bf5 13. Qd5 Qxd5 14. Bxd5 O-O 15.
Nf3 Rfd8 16. Bb3 Na5 17. O-O Nxb3 18. axb3 a6 19. Rfe1 h6 20. Bf4 e6 21. Ne5 f6
22. Nc4 g5 23. Bg3 h5 24. Nb6 Ra7 25. Ra5 h4 26. Bc7 Rf8 27. d5 exd5 28. Rxd5
Bc2 29. Rd7 Bxb3 30. Bd6 Rf7 31. Rxf7 Bxf7 32. Bb8 {BuffinJean a abandonné} 1-0

[Event "Tournament 14473 - Europe Echecs"]
[Site "Europe Echecs"]
[Date "2020.07.11"]
[Round "4"]
[Time "15:28:00"]
[PlyCount "97"]
[White "RubsamenAnais"]
[Black "DenningerGael"]
[WhiteElo "1692"]
[BlackElo "1957"]
[Mode "WEB"]
[Result "0-1"]

1. Nf3 Nf6 2. g3 e6 3. Bg2 Be7 4. O-O O-O 5. d4 d5 6. Nbd2 c5 7. c3 b6 8. Ne5
Bb7 9. Re1 Nfd7 10. e4 Nxe5 11. dxe5 d4 12. cxd4 cxd4 13. Nb3 Nc6 14. f4 d3 15.
Bd2 a5 16. a4 Bb4 17. Bc3 Ba6 18. Bf1 Rc8 19. Nc1 Bc5+ 20. Kh1 Nb4 21. Bxb4 Bxb4
22. Re3 Qd4 23. Rf3 Bb7 24. Bxd3 Bxe4 25. Nb3 Bxf3+ 26. Qxf3 Qd7 27. Qe4 g6 28.
Bb5 Qd5 29. Qxd5 exd5 30. Nd4 Rc7 31. e6 Rfc8 32. Bd7 Rc1+ 33. Rxc1 Rxc1+ 34.
Kg2 fxe6 35. Bxe6+ Kh8 36. Nb5 Rc2+ 37. Kh3 Rxb2 38. Bxd5 Bc5 39. Bg2 Ra2 40.
Nc3 Ra3 41. Ne4 Rxa4 42. Nxc5 bxc5 43. Bc6 Rb4 44. Bd5 a4 45. Kg4 c4 46. Kg5 c3
47. f5 c2 48. f6 c1=Q# {RubsamenAnais est échec et mat} 0-1

[Event "Tournament 14473 - Europe Echecs"]
[Site "Europe Echecs"]
[Date "2020.07.11"]
[Round "4"]
[Time "15:28:00"]
[PlyCount "126"]
[White "LecciaAntoine"]
[Black "ParalieuMaxime"]
[WhiteElo "1950"]
[BlackElo "1569"]
[Mode "WEB"]
[Result "1-0"]

1. d4 Nf6 2. Nf3 d5 3. e3 e6 4. Bd3 c5 5. b3 Nc6 6. O-O Be7 7. Bb2 O-O 8. Nbd2
b6 9. dxc5 bxc5 10. e4 Nb4 11. e5 Nd7 12. Be2 d4 13. a3 Nd5 14. Bd3 Qc7 15. Re1
Bb7 16. Be4 Nc3 17. Bxc3 dxc3 18. Nc4 Bxe4 19. Rxe4 Rfd8 20. Qe2 Nb6 21. Re3 Nd5
22. Re4 a5 23. a4 Rd7 24. g3 Rad8 25. Ne3 Nb4 26. Rc4 Nd5 27. Nxd5 exd5 28. Rxc3
d4 29. Rc4 Rd5 30. Rd1 g6 31. Qe4 Qb8 32. Kg2 Bf8 33. Re1 Bg7 34. e6 f5 35. Qe2
Re8 36. e7 Qd6 37. Qe6+ Qxe6 38. Rxe6 Kf7 39. Rc6 Rxe7 40. R6xc5 Rxc5 41. Rxc5
Re2 42. Kf1 Re7 43. Rxa5 Rc7 44. Ne1 h5 45. Ke2 Re7+ 46. Kd1 Bf6 47. Nd3 h4 48.
Rb5 hxg3 49. hxg3 Rc7 50. a5 Ra7 51. b4 Be7 52. Rb6 Bf6 53. a6 Bd8 54. Rb7+ Rxb7
55. axb7 Bc7 56. Nc5 Ke7 57. Ke2 Kd6 58. Kd3 Kd5 59. Na6 Kc6 60. b8=Q Bxb8 61.
Nxb8+ Kb5 62. Kxd4 Kxb4 63. c4 {ParalieuMaxime a abandonné} 1-0

[Event "Tournament 14473 - Europe Echecs"]
[Site "Europe Echecs"]
[Date "2020.07.11"]
[Round "4"]
[Time "15:28:00"]
[PlyCount "189"]
[White "ChabaudMathis"]
[Black "BruneauLilian"]
[WhiteElo "1920"]
[BlackElo "1386"]
[Mode "WEB"]
[Result "1/2-1/2"]

1. e4 d5 2. exd5 Qxd5 3. Nc3 Qa5 4. d4 c6 5. Nf3 Nf6 6. Bd2 Qc7 7. Bc4 Bf5 8. h3
h6 9. Bb3 e6 10. Qe2 Be7 11. g4 Bh7 12. O-O-O Nbd7 13. g5 hxg5 14. Nxg5 Bg6 15.
Rhg1 a5 16. Bxe6 Bh5 17. Bg4 Qd6 18. Rge1 Kf8 19. Bxh5 Nxh5 20. Qf3 Bxg5 21.
Bxg5 Nhf6 22. a3 Qc7 23. Bf4 Qb6 24. Bd6+ Kg8 25. Re7 Re8 26. Rxe8+ Nxe8 27. Bf4
Nef6 28. d5 cxd5 29. Nxd5 Nxd5 30. Rxd5 Nf6 31. Rd3 Kh7 32. Be5 Re8 33. Rd6 Qc5
34. Qd3+ Kg8 35. Bxf6 Re1+ 36. Kd2 Qxf2+ 37. Kc3 gxf6 38. Rd8+ Kg7 39. Kc4 Qf4+
40. Rd4 Qc7+ 41. Kb3 Qb6+ 42. Ka2 Re6 43. Rg4+ Kf8 44. Qd7 Qd6 45. Qc8+ Re8 46.
Qxb7 Qe6+ 47. b3 Qe2 48. Qg2 Qe5 49. Rg8+ Ke7 50. Rxe8+ Kxe8 51. c4 Qe6 52. Qd5
Qe2+ 53. Kb1 Qe1+ 54. Kc2 Qe2+ 55. Qd2 Qe4+ 56. Qd3 Qg2+ 57. Kc3 Qc6 58. Qe3+
Kf8 59. b4 axb4+ 60. axb4 Kg7 61. Qg3+ Kf8 62. c5 Qb5 63. Qd3 Qa4 64. Qd6+ Kg7
65. Kc4 Qc2+ 66. Kb5 Qe2+ 67. Kb6 Qe8 68. b5 f5 69. c6 f4 70. Qd4+ Kf8 71. Qxf4
Qd8+ 72. c7 Qc8 73. Qd6+ Kg7 74. Qd8 Qe6+ 75. Kb7 Qe4+ 76. Kb8 Qb4 77. c8=Q
Qxb5+ 78. Qb7 Qe5+ 79. Qbc7 Qb5+ 80. Kc8 Qa6+ 81. Qb7 Qe6+ 82. Qdd7 Qc4+ 83.
Qbc7 Qa6+ 84. Kd8 Qa8+ 85. Qcc8 Qa5+ 86. Ke8 Qe5+ 87. Qe7 Qb5+ 88. Qcd7 Qb8+ 89.
Qdd8 Qb5+ 90. Qed7 Qe5+ 91. Q8e7 Qb8+ 92. Qdd8 Qb5+ 93. Qed7 Qe5+ 94. Q8e7 Qb8+ {Nulle par répétition} 1/2-1/2

[Event "Tournament 14473 - Europe Echecs"]
[Site "Europe Echecs"]
[Date "2020.07.11"]
[Round "4"]
[Time "15:28:00"]
[PlyCount "61"]
[White "RebenaFlorian"]
[Black "LecciaThomas"]
[WhiteElo "1081"]
[BlackElo "1893"]
[Mode "WEB"]
[Result "0-1"]

1. e4 e6 2. d4 d5 3. e5 c5 4. c3 Nc6 5. Nf3 Bd7 6. g3 Qb6 7. b3 Nge7 8. Bg2 Nf5
9. Be3 cxd4 10. cxd4 Bb4+ 11. Kf1 O-O 12. a3 Be7 13. Nc3 f6 14. b4 fxe5 15. Na4
Qb5+ 16. Kg1 exd4 17. Bxd4 Ncxd4 18. Nc3 Qb6 19. Ne5 Be8 20. Bh3 Qc7 21. Bxf5
Nxf5 22. Qe1 Bf6 23. Ng4 Qxc3 24. Nxf6+ Qxf6 25. Rc1 Nd4 26. Rc7 Nf3+ 27. Kf1
Nxe1 28. Kxe1 Qxf2+ 29. Kd1 Qf3+ 30. Kd2 Qxh1 {RebenaFlorian a abandonné} 0-1

[Event "Tournament 14473 - Europe Echecs"]
[Site "Europe Echecs"]
[Date "2020.07.11"]
[Round "4"]
[Time "15:28:00"]
[PlyCount "69"]
[White "BriandAmaury"]
[Black "CavaillesEvan"]
[WhiteElo "1929"]
[BlackElo "2018"]
[Mode "WEB"]
[Result "0-1"]

1. e4 c5 2. Nf3 Nc6 3. d4 cxd4 4. Nxd4 Qb6 5. Nb3 Nf6 6. Nc3 e6 7. Be3 Qc7 8.
Bd3 a6 9. O-O Be7 10. f4 d6 11. Rf3 Ng4 12. Qe1 Nxe3 13. Qxe3 Bf6 14. Be2 b5 15.
Rd1 Bb7 16. Bxb5 O-O 17. Bxc6 Bxc6 18. Nd4 Bb7 19. Rg3 Kh8 20. f5 Rae8 21. Qd3
Qb6 22. Na4 Qb4 23. b3 e5 24. Nf3 Bxe4 25. Qxd6 Qxd6 26. Rxd6 Bxc2 27. Rxa6 Bxf5
28. Nd2 e4 29. Nc4 Bd4+ 30. Kf1 e3 31. Nab6 Bd3+ 32. Ke1 Bc3+ 33. Kd1 e2+ 34.
Kc1 e1=Q# {BriandAmaury est échec et mat} 0-1

[Event "Tournament 14473 - Europe Echecs"]
[Site "Europe Echecs"]
[Date "2020.07.11"]
[Round "4"]
[Time "15:28:00"]
[PlyCount "138"]
[White "GuitouniSoha"]
[Black "BoscGabriel"]
[WhiteElo "1780"]
[BlackElo "1994"]
[Mode "WEB"]
[Result "0-1"]

1. e4 c5 2. Nf3 Nc6 3. Bb5 g6 4. c3 d5 5. exd5 Qxd5 6. d4 Bg4 7. Be3 O-O-O 8. c4
Qd6 9. d5 Ne5 10. Qe2 Bg7 11. Nc3 Nf6 12. O-O-O Nxf3 13. gxf3 Bf5 14. Ba4 a6 15.
Qd2 e6 16. Bf4 e5 17. Be3 Nh5 18. Ne4 Bxe4 19. fxe4 Nf4 20. Bc2 b6 21. Rhg1 Rhe8
22. Rde1 Kb7 23. Qc3 Bh8 24. Qb3 Ka7 25. Qc3 Re7 26. Qb3 Rb7 27. a4 Ka8 28. Qa3
Kb8 29. a5 Rc8 30. axb6 Qxb6 31. Rg5 Bf6 32. Rgg1 Ka8 33. Kb1 Bh8 34. Kc1 Kb8
35. Kb1 a5 36. Kc1 Qb4 37. Qxb4 axb4 38. Bb3 Ra7 39. Kc2 Bf6 40. Ra1 Rxa1 41.
Rxa1 Kb7 42. Ra5 Kb6 43. Rb5+ Ka6 44. Rxc5 Rxc5 45. Bxc5 Ka5 46. Bd6 Bg7 47. c5
Kb5 48. c6 Kb6 49. Bxb4 Ne2 50. Kd3 Nd4 51. Bd1 Nb5 52. Be7 Kc7 53. Ba4 Nd6 54.
b4 Nc8 55. b5 Nxe7 56. Kc4 Nc8 57. Kc5 Bf8+ 58. Kc4 Nb6+ 59. Kb3 Bc5 60. f3 Kd6
61. h3 f5 62. h4 h5 63. exf5 gxf5 64. Kc3 Nxa4+ 65. Kd3 Nb6 66. Kc3 Kxd5 67. Kd3
Bd6 68. Kc3 Kc5 69. Kd3 {GuitouniSoha a abandonné} 0-1

[Event "Tournament 14473 - Europe Echecs"]
[Site "Europe Echecs"]
[Date "2020.07.11"]
[Round "4"]
[Time "15:28:00"]
[PlyCount "24"]
[White "TomasiElise"]
[Black "SoaresDeMeloNa"]
[WhiteElo "2030"]
[BlackElo "1183"]
[Mode "WEB"]
[Result "1-0"]

1. d4 Nf6 2. Nf3 e6 3. g3 c5 4. Bg2 cxd4 5. Nxd4 Nc6 6. Nxc6 bxc6 7. O-O Bc5 8.
c4 Qb6 9. Nc3 Ng4 10. e3 Ba6 11. Qxg4 Bxc4 12. Qxc4 {SoaresDeMeloNa a abandonné} 1-0

[Event "Tournament 14473 - Europe Echecs"]
[Site "Europe Echecs"]
[Date "2020.07.11"]
[Round "4"]
[Time "15:28:00"]
[PlyCount "45"]
[White "GroussetNathan"]
[Black "CombaudonNatha"]
[WhiteElo "1476"]
[BlackElo "1805"]
[Mode "WEB"]
[Result "0-1"]

1. e4 e6 2. d4 d5 3. exd5 exd5 4. Nf3 Bd6 5. Be2 Ne7 6. O-O Bg4 7. h3 Bh5 8. Bg5
f6 9. Bh4 c6 10. c3 Nd7 11. Qc2 Qc7 12. Nbd2 g5 13. Bg3 Bxg3 14. fxg3 Qxg3 15.
Bd3 O-O-O 16. Rae1 Ng6 17. Bf5 Nf4 18. Rf2 Bg6 19. Bxg6 Nxh3+ 20. Kh1 Nxf2+ 21.
Kg1 hxg6 22. Nf1 Rh1# {GroussetNathan est échec et mat} 0-1

[Event "Tournament 14473 - Europe Echecs"]
[Site "Europe Echecs"]
[Date "2020.07.11"]
[Round "4"]
[Time "15:28:00"]
[PlyCount "105"]
[White "LemaireVivien"]
[Black "DincovMatei"]
[WhiteElo "1471"]
[BlackElo "1714"]
[Mode "WEB"]
[Result "0-1"]

1. c4 e5 2. Nc3 Nf6 3. d3 d5 4. cxd5 Nxd5 5. g3 Be7 6. Bg2 Nb6 7. Nf3 Nc6 8. O-O
O-O 9. a4 Be6 10. a5 Nd5 11. a6 b6 12. Nxd5 Bxd5 13. Qc2 Qd6 14. b3 Nd4 15. Nxd4
exd4 16. Ba3 c5 17. e4 Be6 18. e5 Qxe5 19. Bxa8 Rxa8 20. Rfe1 Qd5 21. Qc4 Qh5
22. Rxe6 fxe6 23. Qxe6+ Qf7 24. Re1 Re8 25. b4 Qxe6 26. Rxe6 Kf7 27. Rc6 cxb4
28. Bb2 Bc5 29. Rc7+ Re7 30. Rb7 Ke6 31. f4 Kd5 32. Kf2 b5 33. Rxb5 Kc6 34. Rb8
Bb6 35. Rc8+ Kb5 36. Rc4 Kxa6 37. Rxb4 Rd7 38. Kf3 Ka5 39. Rc4 Kb5 40. Ke4 a5
41. Bxd4 Bxd4 42. Rxd4 Rxd4+ 43. Kxd4 Kb4 44. f5 a4 45. Ke5 a3 46. d4 a2 47. d5
a1=Q+ 48. Ke6 Qf6+ 49. Kd7 Kc5 50. Ke8 Kxd5 51. g4 Kd6 52. g5 Qe7# {LemaireVivien est échec et mat} 0-1

[Event "Tournament 14473 - Europe Echecs"]
[Site "Europe Echecs"]
[Date "2020.07.11"]
[Round "4"]
[Time "15:28:00"]
[PlyCount "45"]
[White "ShvedJakov"]
[Black "WittenbergSere"]
[WhiteElo "1667"]
[BlackElo "1447"]
[Mode "WEB"]
[Result "0-1"]

1. e4 e6 2. d4 d5 3. Nc3 Nf6 4. Bg5 Bb4 5. e5 h6 6. exf6 hxg5 7. fxg7 Rg8 8. Nf3
Qf6 9. Bd3 Nc6 10. O-O Bd7 11. Re1 O-O-O 12. a3 Be7 13. Bf1 Qxg7 14. b4 g4 15.
Ne5 Nxe5 16. Rxe5 Bf6 17. Nxd5 exd5 18. Rxd5 g3 19. fxg3 Qh6 20. Ra5 Qe3+ 21.
Kh1 Bxd4 22. c3 Qg1# {ShvedJakov est échec et mat} 0-1

[Event "Tournament 14473 - Europe Echecs"]
[Site "Europe Echecs"]
[Date "2020.07.11"]
[Round "4"]
[Time "15:28:00"]
[PlyCount "59"]
[White "DecurningeBric"]
[Black "BruguierFloria"]
[WhiteElo "1582"]
[BlackElo "1422"]
[Mode "WEB"]
[Result "0-1"]

1. e4 e5 2. Nf3 Nc6 3. Bc4 Bc5 4. c3 Nf6 5. d3 d6 6. b4 Bb6 7. Nbd2 Be6 8. Bxe6
fxe6 9. Nc4 O-O 10. Nxb6 axb6 11. Qb3 Qe7 12. O-O d5 13. exd5 exd5 14. Re1 Qd6
15. a4 b5 16. Bb2 bxa4 17. Rxa4 b5 18. Raa1 Kh8 19. h3 Rae8 20. Ra6 Ra8 21. Rea1
Rae8 22. d4 Qd7 23. dxe5 Nxe5 24. Nxe5 Rxe5 25. Ra8 Ree8 26. R8a7 Qf5 27. Rxc7
Ne4 28. f3 Ng3 29. c4 bxc4 {DecurningeBric a perdu au temps} 0-1

[Event "Tournament 14473 - Europe Echecs"]
[Site "Europe Echecs"]
[Date "2020.07.11"]
[Round "4"]
[Time "15:28:00"]
[PlyCount "50"]
[White "RobineGuillaum"]
[Black "BeaudEmma"]
[WhiteElo "1571"]
[BlackElo "1396"]
[Mode "WEB"]
[Result "1-0"]

1. e4 e6 2. d3 d5 3. Nd2 Nf6 4. Ngf3 c5 5. g3 Nc6 6. Bg2 Bd7 7. O-O Be7 8. Re1
O-O 9. e5 Nh5 10. Nf1 f6 11. g4 fxe5 12. gxh5 Bf6 13. Ng3 Ne7 14. Nxe5 Bxe5 15.
Rxe5 Nc6 16. Re1 Qf6 17. Rf1 e5 18. Bxd5+ Kh8 19. Be3 Nb4 20. Bg2 Bc6 21. Ne4
Qf5 22. Bxc5 Rf7 23. Bxb4 Qf4 24. Bd2 Qf6 25. Nxf6 {BeaudEmma a abandonné} 1-0

[Event "Tournament 14473 - Europe Echecs"]
[Site "Europe Echecs"]
[Date "2020.07.11"]
[Round "4"]
[Time "15:28:00"]
[PlyCount "63"]
[White "BenamarRayan"]
[Black "HalilovicDario"]
[WhiteElo "1558"]
[BlackElo "1170"]
[Mode "WEB"]
[Result "1-0"]

1. d4 d5 2. e3 Nf6 3. f4 Nc6 4. c3 Bg4 5. Nf3 e6 6. Bd3 Ne4 7. O-O Bd6 8. Qe1
O-O 9. Ne5 Ne7 10. Nxg4 Nf5 11. Nd2 Nxd2 12. Bxd2 c5 13. Ne5 f6 14. Nf3 Qb6 15.
Rb1 Rfe8 16. g4 Nh6 17. Qh4 f5 18. gxf5 exf5 19. h3 Qc7 20. Ne5 Re6 21. Rf2 Rf8
22. Rg2 Be7 23. Qh5 c4 24. Bc2 b5 25. Kf2 a5 26. Rbg1 Rf7 27. Nxf7 Bh4+ 28. Ke2
Qxf7 29. Qxf7+ Kxf7 30. Rxg7+ Kf8 31. Rxh7 Nf7 {HalilovicDario a abandonné} 1-0

[Event "Tournament 14473 - Europe Echecs"]
[Site "Europe Echecs"]
[Date "2020.07.11"]
[Round "4"]
[Time "15:28:00"]
[PlyCount "101"]
[White "EricAndrianaFi"]
[Black "FondratJohan"]
[WhiteElo "1401"]
[BlackElo "1509"]
[Mode "WEB"]
[Result "0-1"]

1. e4 c5 2. d3 Nc6 3. g3 g6 4. Bg2 Bg7 5. f4 d6 6. Nf3 Bg4 7. Nbd2 Nf6 8. O-O
O-O 9. h3 Bd7 10. c3 Re8 11. d4 cxd4 12. cxd4 Qb6 13. Nb3 Nxe4 14. Kh2 d5 15.
Be3 Rac8 16. Rc1 Na5 17. Nc5 Nxc5 18. dxc5 Qc7 19. Qxd5 Bxb2 20. Rc2 Bg7 21. Ng5
e6 22. Qd2 Nc6 23. Ne4 Bf8 24. Nf6+ Kh8 25. Nxe8 Rxe8 26. Rd1 Bc8 27. Bd4+ Nxd4
28. Qxd4+ Bg7 29. Qd2 e5 30. Re1 Rd8 31. Qc1 exf4 32. Qxf4 Qa5 33. Re7 Bf5 34.
Rce2 Qxc5 35. Re8+ Rxe8 36. Rxe8+ Bf8 37. Qb8 Kg7 38. Qxb7 Qd4 39. Qb8 Qc5 40.
h4 h5 41. Qd8 Be6 42. Qa8 Bxa2 43. Rc8 Qa3 44. Rc7 Bd6 45. Rxa7 Qxg3+ 46. Kg1
Qe1+ 47. Bf1 Bc5+ 48. Kg2 Qd2+ 49. Kh3 Be6+ 50. Kg3 Qf2# {EricAndrianaFi est échec et mat} 0-1

[Event "Tournament 14473 - Europe Echecs"]
[Site "Europe Echecs"]
[Date "2020.07.11"]
[Round "4"]
[Time "15:28:00"]
[PlyCount "88"]
[White "KrzymanskiLeo"]
[Black "LiJacques"]
[WhiteElo "1506"]
[BlackElo "1076"]
[Mode "WEB"]
[Result "1-0"]

1. c4 c5 2. Nc3 Nc6 3. g3 Nf6 4. Bg2 e6 5. e3 d5 6. cxd5 exd5 7. Nge2 Be7 8. d4
cxd4 9. Nxd4 Nxd4 10. Qxd4 Be6 11. O-O O-O 12. Rd1 Qd6 13. Nxd5 Rad8 14. Nxf6+
gxf6 15. Qxd6 Bxd6 16. Bxb7 Bc5 17. Rxd8 Rxd8 18. a3 Rd1+ 19. Kg2 Kf8 20. Bf3
Re1 21. Be4 f5 22. Bd3 Bd5+ 23. Kh3 Ke7 24. b4 Bb6 25. Bb2 Rxa1 26. Bxa1 Be4 27.
Bxe4 fxe4 28. Kg4 Ke6 29. h4 f5+ 30. Kg5 Bc7 31. Kh6 a5 32. bxa5 Bxa5 33. Kxh7
Be1 34. Bd4 Bxf2 35. a4 Bxg3 36. a5 Bxh4 37. a6 Bg3 38. a7 Be5 39. Bxe5 Kxe5 40.
a8=Q f4 41. Qe8+ Kf5 42. Qf8+ Ke5 43. Qxf4+ Kd5 44. Qf5+ {LiJacques a abandonné} 1-0

[Event "Tournament 14473 - Europe Echecs"]
[Site "Europe Echecs"]
[Date "2020.07.11"]
[Round "4"]
[Time "15:28:00"]
[PlyCount "62"]
[White "LeforestierEnz"]
[Black "MartignoniMarg"]
[WhiteElo "1350"]
[BlackElo "1500"]
[Mode "WEB"]
[Result "1-0"]

1. b3 d5 2. Bb2 c5 3. e3 Nc6 4. Bb5 Bd7 5. Bxc6 bxc6 6. f4 Nf6 7. Nf3 Bf5 8. O-O
e6 9. Ne5 Qc7 10. d3 Bd6 11. Nd2 O-O 12. Qe1 h6 13. Qh4 Nd7 14. Nxd7 Qxd7 15. g4
Bh7 16. Rf3 f5 17. g5 Be7 18. Rh3 Qe8 19. Bxg7 Rf7 20. Be5 hxg5 21. fxg5 Qd8 22.
Kf2 Bxg5 23. Rg1 Kf8 24. Rxg5 Qa5 25. Ke2 Qd8 26. Qh6+ Ke8 27. Qxe6+ Kf8 28.
Bd6+ Re7 29. Rxh7 Ke8 30. Rxe7+ Qxe7 31. Qxe7# {MartignoniMarg est échec et mat} 1-0

[Event "Tournament 14473 - Europe Echecs"]
[Site "Europe Echecs"]
[Date "2020.07.11"]
[Round "4"]
[Time "15:28:00"]
[PlyCount "81"]
[White "ChelliliYounes"]
[Black "ParisRomain"]
[WhiteElo "1101"]
[BlackElo "1486"]
[Mode "WEB"]
[Result "0-1"]

1. e4 e6 2. d4 d5 3. e5 c5 4. c3 Nc6 5. Nf3 Qb6 6. Be2 cxd4 7. cxd4 Bb4+ 8. Nc3
Nge7 9. a3 Bxc3+ 10. bxc3 O-O 11. a4 Bd7 12. Bd2 Na5 13. O-O Rac8 14. Ra3 Nc4
15. Bxc4 Rxc4 16. h3 Rfc8 17. Qc2 Nf5 18. Rb1 Qa6 19. Rbb3 Bxa4 20. Be1 Bxb3 21.
Qxb3 Qb6 22. Qa2 a6 23. Qa1 Qc6 24. Kh2 Qc7 25. g4 Ne7 26. Qb2 f6 27. Rb3 b5 28.
Ra3 fxe5 29. dxe5 Ra8 30. Nd2 Qxe5+ 31. Kg2 Qxe1 32. Nxc4 Qe4+ 33. Kg3 Qxc4 34.
Rb3 Nc6 35. Qa3 Rf8 36. f3 Qf4+ 37. Kf2 Qxf3+ 38. Ke1 Qf1+ 39. Kd2 Rf2+ 40. Ke3
Qe2# {ChelliliYounes est échec et mat} 0-1